000 02272nam a2200289Ia 4500
001 K0212
003 IT-RoPAU
008 130308s9999 xx 000 0 und d
040 _aIT-RoPAU
040 _cIT-RoPAU
041 _aITALIANO
100 _aPolazzo Marco
100 _gCodice Aut. SPICS: 60099
245 _aAntonio Balestra pittore veronese 1666-1740
245 _bAntonio Balestra pittore Veronese 1666-1740
250 _a1a ed.
260 _a VERONA
260 _bLibreria Cortina
260 _c1978 [1° Ed.:1978 - Ed.Ling.Originale:1978]
300 _a"238 p. (prefazione: no ; testo: 238 [pagine: 0-0])"
500 _a"Ricerche Storico Anagrafiche. manoscritto Autobiografico di Antonio Balestra al Sig. Abate Antonio Orlandi Pellegrino Conservato nella Biblioteca Augusta di Perugia. Trascrizione del manoscritto di Perugia. lettere di Antonio Balestra Inviate a Francesco Gabburri e a D. Francesco Valdalla raccolte da Bottari e Ticozzi. raccolta in Ordine cronologico delle Opere di Attribuzione Certa, firmate o Citate nel manoscritto di Perugia. Opere di A.I. proposte Sul Solo Dato Stilistico. Disegni. Incisioni. Bibliografia.Eleno topografico Generale delle Opere in Ordine Alfabetico di Località. 86 tavole in bianco e Nero, 11 Disegni e 16 Incizioni: Beata Vergine col bambino in Braccio, S. Giuseppe e S. Giovannino; Ss. Annunciazione; S. Giovanni Battista Predicante nel Deserto; ricchezza della Terra; S. tommaso di Villanova; Annunciata; la Vergine, S. Francesco Borgia, S. Luigi, S. Stanislao; Beata Vergine e Santi Gesuiti; S. Francesco Riceve Stimmate; Transito di S. Giuseppe; Natività di N.S. finta di Notte; Madonna col Bambino, S. Bartolomeo Apostolo, S. Rocco e S. Bernardino; S. Simone Stok, S. Giuseppe e la Madonna del Carmine; Natività di N.S.; Martirio di S. Cassiano; S. Osvaldo; S. Pietro guarisce gli Ammalati con L'Ombra; B.V., S. Luca e S. Vincenzo; B.V., S. Pietro e S. Antonio di Padova; Giustizia e Pace; saggezza e Vanita'; Venere D"
650 _aAUTORI/OPERE DI PITTURA
650 _eCodice materia Spics: 5207
942 _cBK
957 _71
999 _c77177
_d77177
999 _g1